000
00439nam a2200157Ia 4500
008
090124s9999 xx 000 0 und d
082
_b
102443
245
_a
मंङगल साहित्य
250
_a
0
260
_c
1946
300
_a
168
630
_a
मंङगल साहित्य
700
_a
गाडगीळ अमरेंद्र.
730
_a
मंङगल साहित्य
942
_c
BOOK
999
_c
148535
_d
148535